Guess the country drawn! (Speed Round) - Statistics

General Stats
  • This quiz has been taken 13 times
  • The average score is 8 of 14
Answer Stats
Picture Answer % Correct
Czechia
89%
Paraguay
78%
Switzerland
78%
Antigua and Barbuda
67%
Dominica
67%
Moldova
67%
Republic of the Congo
67%
Kiribati
56%
Bahrain
44%
Guinea bissau
44%
Kyrgyzstan
44%
Fiji
33%
Cabo Verde
11%
Maritius
11%
No matching quizzes found
Score Distribution
Percent of People with Each Score
Percentile by Number Answered
Your Score History
You have not taken this quiz